000 00310 a2200157 4500
001 163193
020 _a
040 _cMagnum
100 _aBorém, Humberto
240 1 0 _aO beco da lua
_lpor
245 1 0 _aO beco da lua
300 _a24
362 0 _a2002
697 _aLITERATURA INFANTIL
942 _cBK
999 _c163193
_d163193